| 000 | 00706nam a22001337a 4500 | ||
|---|---|---|---|
| 008 | 110622t xxu||||| |||| 00| 0 eng d | ||
| 010 | _aCACAF 67 | ||
| 245 | _aThe Court of Appeal Civil Application No. 15 of 1980 Nsubuga Senfuma Vs Yahaya Serugga . | ||
| 260 | _c1980 | ||
| 500 | _aApplication from judgment of the High Court of Uganda (Musoke, P.J) dated 17/1/80 in High Court Civil Suit No. 204/78 | ||
| 999 |
_c3540 _d3540 |
||